000 00617nam a22002057a 4500
005 20250930124221.0
010 _aENG-146908
020 _a9789358706161
_c250.00
035 _aEN-130440
037 _bDBAD
082 _21
_a629.892
100 _aChikesh Ranjan
_985314
245 _aRobotics/
_cChikesh Ranjan [and] Kaushik Kumar
250 _a1
260 _aUttar Pradesh
_bS. Chand Publishing
_c2025
270 _aD-92, Sector-2, Noida
_bUttar Pradesh
_e201301
_k61-120-4682700
300 _a195p.
_c24cm(pb)
700 _aKaushik Kumar
_eAuthor
_985315
942 _2ddc
_cEN
_h629.892
_mRAN
999 _c213537
_d213537